000 00489cam a2200193ua 4500
001 7321
008 141223n ii |||gr||||Z||||||ben
020 _a8184370121
040 _cMAIN
041 _aben
082 _a891.443
100 _aBandhyopadhyay, A.,
_eAuthor.
245 _aNeelkontha pakhir khuje :
_bAkhanda sanskaran /
_cBy Atin Bandhyopadhyay .
250 _a8th rev.
260 _aCalcutta:
_bKaruna,
_c2006.
300 _a411p.
653 _aBengali novels
942 _cBK
999 _c6446
_d6446